01885nam a22003377a 4500003000900000005001700009007000300026008004100029020001800070040002500088082001500113245024600128260007600374300002600450490003300476500014600509500003800655505030200693590002700995700004601022700002601068700002801094700002701122700005101149830003601200910001401236942001401250952013001264952013601394999001701530DO-SdBNP20250116125129.0ta110301s2020 dr a 000 0 spa d a9789945620108 aDO-SdBNPbspacBNPHU axxxxbxxxx10aMi futuro es importante hoy 2.0 :brecomendado para estudiantes de 15-16 años /cChristine de Marcellus de Vollmer, June Saunders, Carlos Beltramo, Jokin De Irala ; colaborador, Jesús Elías Michelen Embarek ; ilustración Paul Yanque  aSanto Domingo :bEdiciones ALAFA, bFundación Palabra y Vida, c2020. a178 p. :bil.c25 cm.1 aAprendiendo a querer ;v11 ; aEs un programa completo para educación en valores, educación en democracia, desarrollo de la personalidad y una sana educación sexual.  aPara estudiantes de 15-16 años.2 gUnidad I --tPersonalidad y liderazgo --gUnidad II --tCarácter, liderazgo y vida --gUnidad III --tLiderazgo en acción --gUnidad IV --tCarácter y relaciones --gUnidad V --tEspejismo y realidad --gUnidad VI --tCambiando de rumbo --gUnidad VII --tEnfrentando realidades de la vida / aInventariado, 2022/ YL12aMarcellus de Vollmer, Christine de97892912aSaunders, June98179212aBeltramo, Carlos98179312aDe Irala, Jokin98179412aMichelen Embarek, Jesús Elíasecol.9727740 nAprendiendo a quererp11981429 aYLockward 2ddccLBS1 00102ddc51708CIJ-PDaBNPHUbBNPHUcHDd2020-10-27eAmigo del Hogarl0oxxxx xxxxp2022-2764r2022-06-07w2022-06-07yLBS1 00102ddc51708CIJ-PDaBNPHUbBNPHUcHDd2020-10-27eAmigo del Hogarl0oxxxx xxxxp2022-2765r2022-06-07te. 2w2022-06-07yLBS1 c51943d51943